Paroles - PNL Autre monde - Statistiques

Statistiques générales
  • Ce quiz a été pris 297 fois
  • Le résultat moyen est 289 sur 486
Statistiques - réponses
Hint % Correct
à
97%
a
97%
de
97%
De
97%
ma
96%
m'a
96%
en
93%
la
93%
La
93%
Le
93%
le
93%
"le
93%
mais
92%
me
92%
J'ai
91%
j'ai
91%
envie
89%
Vie
89%
vie
89%
mon
88%
Ne
88%
ne
88%
plus
88%
maison
87%
même
85%
Même
85%
chemin
84%
n'est
84%
qu'on
83%
dans
82%
d'rentrer
81%
ça
79%
Les
78%
les
78%
bat'
77%
et
77%
Et
77%
Je
77%
je
77%
maintenant
77%
qui
77%
l'monde
76%
un
76%
te
73%
dernier
72%
Dernier
72%
peu
72%
se
72%
une
72%
photo
71%
du
70%
qu'avant
70%
mal
68%
on
68%
pas
68%
rêves
68%
Sur
66%
sur
66%
Y'a
66%
j'suis
65%
J'suis
65%
mes
65%
tu
65%
cafards
64%
coeur
64%
Jamais
63%
moins
63%
tout
63%
doutes
62%
fais
62%
toi
62%
qu'les
61%
temps
61%
toute
61%
décevoir
60%
j'aurai
60%
laissera
60%
Rien
60%
rien
60%
confirment
59%
fait
59%
voir
59%
confient
58%
ici
58%
noir ?
58%
Pour
58%
revenir
58%
sauras
58%
anges
57%
J'te
57%
j'te
57%
d'me
56%
Donc
56%
j'fais
56%
l'temps
56%
besoin
55%
changé
55%
flow
55%
laisserai
55%
plaire
55%
recherche
55%
beaucoup
54%
j'veux
54%
J'veux
54%
passé
54%
putain
54%
rose
54%
sans
54%
Vais-je
54%
d'épines
53%
l'coeur
53%
moi-même
53%
meilleure
52%
plein
51%
vibrer
51%
d'tête
50%
n'a
50%
pleurs
50%
Quelques
50%
ces
49%
au
48%
Créateur
48%
des
48%
lueurs
48%
d'questions
47%
tête
47%
d'erreurs
46%
tes
46%
t'es
46%
c'est
45%
roses
45%
attendant
44%
beauté
44%
bête
43%
d'être
42%
Saint-Valentin
42%
enfant
41%
survive
41%
drôle
40%
meurs
40%
Quand
40%
s'achète
40%
concept
39%
d'amour
39%
vis
39%
bâtards
38%
donne
38%
qu'ils
38%
yeux
38%
gratuit
37%
j'peux
37%
J'peux
37%
j'traîne
37%
l'four
37%
mec
37%
pardonner
37%
pleurer
37%
redevenir
37%
rendent
37%
rest'ront
37%
hess
36%
m'le
36%
nous
36%
traumatisé
36%
conne
35%
larmes
35%
privent
35%
condamné
34%
réfléchir
34%
Superman
34%
avoir
33%
Mecque
33%
Alors
32%
d'rigoler
32%
fois
32%
j'crois
32%
l'sourire
32%
vide
32%
brillent
31%
d'arrêter
31%
du-per
31%
gang
31%
j'en
31%
misère
31%
pecs
31%
peur
31%
Pourtant
31%
qu'j'suis
31%
abandonner
30%
dire
30%
gens
30%
jusqu'aux
30%
man
30%
nos
30%
mérite
29%
Tarik
29%
âmes
28%
d'âme
28%
gainé
28%
j'joue
28%
ke-skun
28%
regard
28%
toutes
28%
bouquet
27%
cieux
27%
d'la
27%
bien
26%
charme
26%
dit
26%
m'ont
26%
pense
26%
richesse
26%
suivi
26%
t'expliquer
26%
AD
25%
codes
25%
hors
25%
j'garde
25%
J'voudrais
25%
qu'j'ai
24%
tant"
24%
Clark
23%
d'aimer
23%
rue
22%
té-comp
19%
piqué
18%
litre
17%
T'sais
15%
Que la mif que la mif que la mif que la mif
4%
Que du bif que du bif que du bif que du bif
3%
Aucun quiz correspondant
Distribution des résultats
% des personnes avec chaque résultat
Percentile par nombre de réponses
Votre historique - résultats
Vous n’avez pas pris ce quiz